<?xml version="1.0" encoding="UTF-8"?>
<marc:record xmlns:marc="http://www.loc.gov/MARC21/slim">
   <marc:leader>00000nam a2200000 a 4500</marc:leader>
   <marc:datafield ind1="1" ind2=" " tag="100">
      <marc:subfield code="a">Edhor, Svarlen</marc:subfield>
      <marc:subfield code="4">aut</marc:subfield>
      <marc:subfield code="e">Verfasser/-in</marc:subfield>
   </marc:datafield>
   <marc:datafield ind1="0" ind2="0" tag="245">
      <marc:subfield code="a">Was für ein Scheisstag</marc:subfield>
   </marc:datafield>
   <marc:datafield ind1="0" ind2="0" tag="245">
      <marc:subfield code="c">Svarlen Edhor</marc:subfield>
   </marc:datafield>
   <marc:datafield ind1=" " ind2="1" tag="264">
      <marc:subfield code="b">Via tolino media</marc:subfield>
      <marc:subfield code="c">2023</marc:subfield>
   </marc:datafield>
   <marc:datafield ind1="1" ind2=" " tag="490">
      <marc:subfield code="a">Kommissar Norbert Hübner</marc:subfield>
   </marc:datafield>
   <marc:datafield ind1=" " ind2=" " tag="250">
      <marc:subfield code="a">3. Aufl.</marc:subfield>
   </marc:datafield>
   <marc:datafield ind1="1" ind2=" " tag="520">
      <marc:subfield code="a">Eine Leiche. Zwei Kommissare. Und eine Stadt voller Verdächtiger. Kommissar Norbert Hübner steht als Kleinstadtpolizist kurz vor der wohlverdienten Pensionierung. Von Auffahrunfällen über Falschparker bis hin zu Nudisten im Supermarkt hat er schon alles gesehen. Plötzlich taucht eine Leiche auf und Kommissar Norbert muss feststellen: Manche Dinge lassen sich nicht über den Gartenzaun regeln. Noch nie hat er wegen Mordes ermittelt. Als ihm dann auch noch eine gutgelaunte, übermotivierte und absolut paragrafentreue Kollegin zugeteilt wird, gerät seine bis dahin heile Welt vollends aus den Fugen. Noch ahnt er jedoch nicht, dass seine junge Kollegin mit ihren eigenen Dämonen kämpft. Die Lage spitzt sich zu. Werden Sie es schaffen, den Mordfall aufzuklären, bevor es zu spät ist?</marc:subfield>
   </marc:datafield>
   <marc:datafield ind1=" " ind2=" " tag="020">
      <marc:subfield code="a">9783754161074</marc:subfield>
      <marc:subfield code="9">9783754161074</marc:subfield>
   </marc:datafield>
   <marc:datafield ind1=" " ind2=" " tag="020">
      <marc:subfield code="a">3754161075</marc:subfield>
      <marc:subfield code="9">3754161075</marc:subfield>
   </marc:datafield>
   <marc:datafield ind1=" " ind2=" " tag="300">
      <marc:subfield code="a">325 S.</marc:subfield>
   </marc:datafield>
</marc:record>
